| 000 | 00865nam a2200253 u 4500 | ||
|---|---|---|---|
| 001 | 000002614 | ||
| 003 | DO-SdBNP | ||
| 005 | 20240412074200.0 | ||
| 008 | 090703s1990 dr r 000 0 spa d | ||
| 040 |
_aDO-SdBNP _bspa _cBNPHU |
||
| 082 |
_aRD861.44 _bS321L |
||
| 100 | 1 |
_aScheker Hane, Luis _d1907-1985 _98237 |
|
| 245 | 1 | 0 |
_aLapislázuli : _bpoema / _cLuis Scheker Hane ; Agustín López Rodríguez. |
| 260 |
_aSanto Domingo : _b[s. n.], _c1990. |
||
| 300 |
_a62 p ; _c21cm. |
||
| 534 |
_aPublicado originalmente: _c1942 |
||
| 586 | _aPremio Nacional de Poesía otorgado por el Circulo de Bellas Artes, en 1941 | ||
| 590 | _aInventariado, 2019 / DG | ||
| 650 | 0 |
_aPoesía dominicana _966 |
|
| 650 | 0 |
_aLiteratura dominicana. _967 |
|
| 700 | 1 |
_aLópez Rodríguez, Agustín _epról. _98238 |
|
| 910 | _aValidado. Control de calidad MMOLINA | ||
| 942 |
_2ddc _cLBS1 |
||
| 999 |
_c2450 _d2450 |
||